Simple ways to live peacefully with your In-laws (Record no. 89724)

MARC details
000 -LEADER
fixed length control field 00566nam a2200193Ia 4500
008 - FIXED-LENGTH DATA ELEMENTS--GENERAL INFORMATION
fixed length control field 230125s9999 xx 000 0 und d
020 ## - INTERNATIONAL STANDARD BOOK NUMBER
International Standard Book Number 81-86773-03-7
041 ## - LANGUAGE CODE
Language code of text/sound track or separate title eng
082 ## - DEWEY DECIMAL CLASSIFICATION NUMBER
Classification number 306.87
Item number BAT JAL
100 ## - MAIN ENTRY--PERSONAL NAME
Personal name Batra P
245 ## - TITLE STATEMENT
Title Simple ways to live peacefully with your In-laws
260 ## - PUBLICATION, DISTRIBUTION, ETC. (IMPRINT)
Date of publication, distribution, etc. 1996
Name of publisher, distributor, etc. Think Inc. Publication
Place of publication, distribution, etc. New Delhi
300 ## - PHYSICAL DESCRIPTION
Extent 85p
440 ## - SERIES STATEMENT/ADDED ENTRY--TITLE
Title Pramod Batra Series Book
500 ## - GENERAL NOTE
Keywords Relationship management;Series Book;Promod Batra Series Book
650 ## - SUBJECT ADDED ENTRY--TOPICAL TERM
Topical term or geographic name as entry element General
700 ## - ADDED ENTRY--PERSONAL NAME
Personal name Batra P & Jalil R
9 (RLIN) 112731
Holdings
Withdrawn status Lost status Damaged status Not for loan Home library Current library Date acquired Vendor Cost, normal purchase price Total Checkouts Full call number Barcode Date last seen Cost, replacement price Bill Date Koha item type Original Barcode
        Smt. Hiraben Nanavati Institute of Management & Research for Women Smt. Hiraben Nanavati Institute of Management & Research for Women 31/01/2000 Think Inc 76.00   306.87 BAT/JAL B02037 HIMR-BK-2037 25/01/2023 76.00 31/01/2000 Books B02037